| 000 | 00702nam a2200253Ia 4500 | ||
|---|---|---|---|
| 008 | 160216s9999 xx 000 0 und d | ||
| 020 | _a0-7817-4042-8 | ||
| 050 | _aMAIN RT 84.5 | ||
| 050 | _b.L57 2004 | ||
| 100 | _aLipe, Saundra K. | ||
| 245 | _aCritical thinking in nursing : | ||
| 245 | _ba cognitive skills workbook | ||
| 245 | _cSaundra K. Lipe, Sharon Beasley. | ||
| 260 | _aSpringhouse, PA : | ||
| 260 | _bLippincott Williams & Wilkins. | ||
| 260 | _c2004 | ||
| 300 | _a337 pages : | ||
| 300 | _bcol. ill. ; | ||
| 300 | _c28 cm. | ||
| 500 | _aIncludes bibliographical references and index. | ||
| 650 | _aCognition. | ||
| 650 | _aCritical thinking. | ||
| 650 | _aNursing. | ||
| 999 |
_c290882 _d290882 |
||